Central Library OPAC University of Rajshahi

Soviet and East European agriculture / (Record no. 14867)

MARC details
000 -LEADER
fixed length control field 02784cam a22003251 4500
001 - CONTROL NUMBER
control field 14867
003 - CONTROL NUMBER IDENTIFIER
rucl marc code BD-RjUL
005 - DATE AND TIME OF LATEST TRANSACTION
control field 20211208235716.0
008 - FIXED-LENGTH DATA ELEMENTS--GENERAL INFORMATION
fixed length control field 140208s1967 cauab b 101 0 eng
035 ## - SYSTEM CONTROL NUMBER
System control number (BD-RjUL)14921
040 ## - CATALOGING SOURCE
Original cataloging agency DLC
Transcribing agency DLC
Modifying agency DLC
Language of cataloging eng
041 ## - LANGUAGE CODE
Language code of text/sound track or separate title eng
082 00 - DEWEY DECIMAL CLASSIFICATION NUMBER
Classification number 338.10947
Author mark and year SOV 1967
111 2# - MAIN ENTRY--MEETING NAME
Meeting name or jurisdiction name as entry element Conference on Soviet Agricultural and Peasant Affairs
Date of meeting (1965 :
Location of meeting Santa Barbara, Calif.)
9 (RLIN) 46281
245 10 - TITLE STATEMENT
Title Soviet and East European agriculture /
Statement of responsibility, etc. Edited, with a pref., by Jerzy F. Karcz.
260 ## - PUBLICATION, DISTRIBUTION, ETC. (IMPRINT)
Place of publication, distribution, etc. Berkeley :
Name of publisher, distributor, etc. University of California Press,
Date of publication, distribution, etc. 1967.
300 ## - PHYSICAL DESCRIPTION
Pagination xxv, 445 p. :
Illustrations illus., maps. ;
Size 24 cm.
500 ## - GENERAL NOTE
General note "The papers ... represent more or less revised editions of those originally presented at the conference."
General note "The meeting was sponsored jointly by the conference and the Center of Slavic and East European Studies at the University of California, Berkeley."
504 ## - BIBLIOGRAPHY, ETC. NOTE
Bibliography, etc Includes index
505 0# - FORMATTED CONTENTS NOTE
Formatted contents note Krushchev and the Soviet agricultural scene, by L. Volin. Comment by A.I. Popluiko.--Krushchev's administrative reforms in agriculture: an appraisal, by R.D. Laird. Comment by H.R. Swearer.--Peasants and officials, by A. Nove. Comment by B. Kerblay.--The Soviet concept of agricultural regionalization and its development, by R.G. Jensen. Comment by W.A.D. Jackson.--A historical-geographical perspective on Krushchev's corn program, by J. Anderson. Comment by K.E. Waedekin.--Soviet sugar-beet production: some geographical aspects of agro-industrial coordination, by W.E. Hultquist. Comment by J. Romanowski.--Ideology and progress in crop rotation, by D. Joravsky. Comment by N. Arnheim, Jr.--Farm employment in the Soviet Union, 1928-1963, by N. Nimitz. Comment by F.A. Durgin, Jr.--Production costs and prices in Soviet agriculture, by N.M. Jasny. Comment by P.M. Raup.--The role of women in Soviet agriculture, by N.D. Dodge and M. Feshbach. Comment by G.S. Murphy.--Soviet agricultural output by 1970, by H.E. Walters and R.W. Judy. Comments by J.G. Chapman and K. Bush.--Farming as a way of life: Yugoslav peasant attitudes, by J.M. Halpern. Comment by R. Biฤ‡aniฤ‡.--The performance of Czechoslovak agriculture since World War II, by G. Lazarcik. Comment by M. Ernst.--Peasant agriculture in Socialist Poland since 1956: an alternative to collectivization, by A. Korbonski. Comment by J. Romanowski.
650 #0 - SUBJECT ADDED ENTRY--TOPICAL TERM
Topical term or geographic name as entry element Agriculture and state
Geographic subdivision Soviet Union.
9 (RLIN) 16970
Topical term or geographic name as entry element Agriculture and state
Geographic subdivision Europe, Eastern.
9 (RLIN) 16973
700 1# - ADDED ENTRY--PERSONAL NAME
Personal name Karcz, Jerzy F.,
Relator term ed.
710 2# - ADDED ENTRY--CORPORATE NAME
Corporate name or jurisdiction name as entry element University of California, Berkeley.
Subordinate unit Center for Slavic and East European Studies.
9 (RLIN) 46278
942 ## - ADDED ENTRY ELEMENTS (KOHA)
Source of classification or shelving scheme Dewey Decimal Classification
Koha item type Books
Holdings
Lost status Source of classification or shelving scheme Damaged status Not for loan Collection code Permanent Location Current Location Shelving location Date acquired Source of acquisition Cost, normal purchase price Total Checkouts Full call number Date last seen Copy number Koha item type
  Dewey Decimal Classification   Not For Loan Non-fiction Central Library, University of Rajshahi Central Library, University of Rajshahi Reading Room 05/11/1970 Zeitlinger 95.00   338.10947 SOV 1967 08/02/2014 C-1 Books